00748 a2200193 4500999001900000005001700019010001500036020002900051035001400080037001300094082001300107245009100120260005400211270008000265300003500345700002500380942002900405952012000434 c183209d18320920220221122936.0 aENG-130435 a97-93-91370-19-0c595.00 aEN-113967 bDBAD/PUB a658.4b1 aTalent Management:bA Contemporary Perspective/cEdited by Mamta Mohapatra, Swati Dhir aNew DelhibSage Publications India Pvt Ltd.c2021 aB-I/I-I, Mohan Cooperative Industrial Area, Mathura RoadbNew Delhie110044 axxxi, 290p.c22cm (pbk)bIndex aEdited by Swati Dhir adplcEN2ddch658.4mTAL 001040708NFICaAVbAVd2021-12-20eDBAD/PUBg595.00l0o658.4 TALpEN-113967r2021-12-20 00:00:00t1v595.00yEN